000 00552nam a2200193Ia 4500
005 20250508151016.0
008 008 250505s9999 xx 000 0 hin d
037 _aTextual
040 _aFEDL
_beng
_cFEDL
041 _ahin
_2hin
084 _a153.6, VIN
_qFEDL
100 _aVinacke W. Edgar
245 0 _aPsychology of thinking
260 _aNew York, USA
_bMcGraw Hill Book Company
_c1952
300 _axiii,392p.
490 _aMcGraw-Hill publications in psychology
942 _cTEXL
_h153.6, VIN
999 _c1327024
_d1327024